| 000 | 01329nam a2200253Ia 4500 | ||
|---|---|---|---|
| 999 |
_c36816 _d36816 |
||
| 001 | 2759 | ||
| 003 | GE_BSU | ||
| 005 | 20190607183321.0 | ||
| 008 | 181216s2010||||ge |||||||||||||| ||geo|| | ||
| 020 | _a9789941412264 | ||
| 040 | _cGE_BSU | ||
| 041 | _ageo | ||
| 080 | _a634.322(479.22):631.52(479.22) ბ–96 | ||
| 100 |
_aბუკია, ზურაბ _92287 |
||
| 245 |
_aჰიბრიდიზაცია, ნუცელარული სელექცია და მუტაცია მანდარინის (Citrus Reticulata BI.) ზოგიერთი ნაგალა ჯიშის ფორმათწარმოშობის მართვაში : _bმონოგრაფია / _cზურაბ ბუკია, ნოდარ ბერიძე. |
||
| 264 |
_aბათუმი : _bშოთა რუსთაველის სახელმწ. უნ-ტი, _c2010 . |
||
| 300 |
_a311 გვ. : _b სურ. ; _c20 სმ. |
||
| 504 | _a ბიბლიოგრ.: გვ. 289-308. | ||
| 520 | _aრეზ. ქართ., რუს. და ინგლ. | ||
| 653 | _aმანდარინის მუტაცია | ||
| 653 | _aჰიბრიდიზაცია | ||
| 700 |
_aბერიძე, ნ. _eავტორი _92288 |
||
| 942 |
_cBK _2udc |
||